Antologia / (Record no. 13148)

MARC details
000 -LEADER
campo de control de longitud fija 00818nam a22002655i 4500
001 - NÚMERO DE CONTROL
campo de control 13148
003 - IDENTIFICADOR DE NÚMERO DE CONTROL
campo de control ES-MaACL
005 - FECHA Y HORA DE LA ÚLTIMA TRANSACCIÓN
campo de control 20260115175527.0
007 - CAMPO FIJO DE DESCRIPCIÓN FÍSICA--INFORMACIÓN GENERAL
campo de control de longitud fija t|
008 - DATOS DE LONGITUD FIJA--INFORMACIÓN GENERAL
campo de control de longitud fija 951129s1993 sp ||||0| cat j
020 ## - NÚMERO INTERNACIONAL ESTÁNDAR DEL LIBRO
Número Internacional Estándar del Libro 84-7533-847-X
040 ## - FUENTE DE CATALOGACIÓN
Centro catalogador/agencia de origen M-BN
Lengua de catalogación spa
Centro/agencia transcriptor M-BN
080 ## - NÚMERO DE LA CLASIFICACIÓN DECIMAL UNIVERSAL
Número de la Clasificación Decimal Universal 849.9-821"19"
100 1# - ENTRADA PRINCIPAL--NOMBRE DE PERSONA
Nombre de persona Foix, J. V. (
Fechas asociadas al nombre 1894-1987)
9 (RLIN) 51423
245 10 - MENCIÓN DEL TÍTULO
Título Antologia /
Mención de responsabilidad, etc. J.V. Foix ; edició a cura de Fina Dantí.
250 ## - MENCION DE EDICION
Mención de edición 1ª ed.
260 ## - PUBLICACIÓN, DISTRIBUCIÓN, ETC.
Lugar de publicación, distribución, etc. Barcelona :
Nombre del editor, distribuidor, etc. Barcanova,
Fecha de publicación, distribución, etc. 1993.
300 ## - DESCRIPCIÓN FÍSICA
Extensión 239 p :
Otras características físicas il ;
Dimensiones 21 cm.
490 1# - MENCIÓN DE SERIE
Mención de serie Biblioteca didáactica de literatura catalana ;
Designación de volumen o secuencia 33
504 ## - NOTA DE BIBLIOGRAFÍA, ETC.
Nota de bibliografía, etc. Bibliografía: p. 230-233.
700 1# - ENTRADA AGREGADA--NOMBRE PERSONAL
Nombre de persona Dantí, Fina.
9 (RLIN) 42663
830 0# - PUNTO DE ACCESO ADICIONAL DE SERIE-TÍTULO UNIFORME
Título uniforme Biblioteca didáctica de literatura catalana
Designación de volumen o secuencia 33
9 (RLIN) 178889
852 ## - LOCALIZACIÓN
Ubicación ES-MaACL
Número de control de estantería L-20497
Sublocalización o colección R.121977
Holdings
Estatus retirado Estado de pérdida Estado de daño No para préstamo Biblioteca de origen Biblioteca actual Ubicación en estantería Fecha de adquisición Fuente de adquisición Total de préstamos Signatura topográfica completa Código de barras Visto por última vez Precio de reemplazo Tipo de ítem Koha
        Biblioteca del Ateneo de Madrid Biblioteca del Ateneo de Madrid Depósito 2 17/01/2008     L-20497 1013389 23/02/2023 23/02/2023 Libro impreso